Colloquial Japanese : The complete course for beginners

محفوظ في:
التفاصيل البيبلوغرافية
المؤلف الرئيسي: Clarke, Hugh
التنسيق: كتاب
اللغة:Undetermined
منشور في: London Routledge 2003
الموضوعات:
الوسوم: إضافة وسم
لا توجد وسوم, كن أول من يضع وسما على هذه التسجيلة!
Thư viện lưu trữ: Trung tâm Học liệu Trường Đại học Cần Thơ
LEADER 00604nam a2200205Ia 4500
001 CTU_194690
008 210402s9999 xx 000 0 und d
082 |a 495.683421 
082 |b C598/CD.2 
100 |a Clarke, Hugh 
245 0 |a Colloquial Japanese : 
245 4 |b The complete course for beginners 
245 0 |c Hugh Clarke, Motoko Hamamura 
260 |a London 
260 |b Routledge 
260 |c 2003 
650 |a Japanese language 
904 |i Truc 
910 |a Sách kèm đĩa AV.000492; AV.000491; AV.000502; AV.000501 
980 |a Trung tâm Học liệu Trường Đại học Cần Thơ